000 00492nam a2200157 a 4500
001 000039601
005 20201002033636.0
008 130709s2003 dr 000 0 spa d
040 _aDO-SdBNP
_bspa
_cBNPHU
082 _axxx
110 1 _aRepública Dominicana
_9447
240 1 0 _a[Leyes, etc]
245 1 0 _aCódigo para la protección de niños, niñas y adolescentes :
_bLey 136-03.
260 _aSanto Domingo :
_bLibrería y Papeleria La Filantropica,
_c2003.
300 _a199 p. ;
_c21 cm.
999 _c39091
_d39091